| 000 | 00460nam a22001697a 4500 | ||
|---|---|---|---|
| 005 | 20251108175614.0 | ||
| 008 | 250721s2014 xx 000 0 ara d | ||
| 082 | 1 | 4 | _a818.07/فضل |
| 100 | 1 | _aفضل، بلال | |
| 245 | 1 | 0 | _aفي أحضان الكتب / |
| 264 | 1 |
_aعمان : _bدار الشروق، _c2014. |
|
| 300 | _a211ص. | ||
| 650 | 1 | 7 | _aالادب العربي |
| 650 | 1 | 7 | _aالنصوص العربية |
| 942 |
_2ddc _cBK |
||
| 999 |
_c138088 _d138088 |
||